The ongoing decline of the value of privacy
Elmentve itt :
| Szerző: | |
|---|---|
| Testületi szerző: | |
| Dokumentumtípus: | Könyv része |
| Megjelent: |
2020
|
| Sorozat: | Lectiones iuridicae
25 Gazdasági tendenciák és jogi kihívások a 21. században 2. 25 |
| Kulcsszavak: | Magánélet, Magánélet védelme - jog, Személyiség és jog |
| Tárgyszavak: | |
| Online Access: | http://acta.bibl.u-szeged.hu/70500 |
| LEADER | 00958naa a2200241 i 4500 | ||
|---|---|---|---|
| 001 | acta70500 | ||
| 005 | 20220107143103.0 | ||
| 008 | 200915s2020 hu o 0|| hun d | ||
| 020 | |a 978-615-5411-92-2 | ||
| 022 | |a 2062-5588 | ||
| 040 | |a SZTE Egyetemi Kiadványok Repozitórium |b hun | ||
| 041 | |a hun | ||
| 100 | 2 | |a Verteş-Olteanu Andreea | |
| 245 | 1 | 4 | |a The ongoing decline of the value of privacy |h [elektronikus dokumentum] / |c Verteş-Olteanu Andreea |
| 260 | |c 2020 | ||
| 300 | |a 152-162 | ||
| 490 | 0 | |a Lectiones iuridicae |v 25 | |
| 490 | 0 | |a Gazdasági tendenciák és jogi kihívások a 21. században 2. |v 25 | |
| 650 | 4 | |a Társadalomtudományok | |
| 650 | 4 | |a Jogtudomány | |
| 695 | |a Magánélet, Magánélet védelme - jog, Személyiség és jog | ||
| 710 | |a Új kutatási irányok az agrár- és környezetvédelmi jog területén (2019) (Szeged) | ||
| 856 | 4 | 0 | |u http://acta.bibl.u-szeged.hu/70500/1/lectiones_iuridicae_025_152-162.pdf |z Dokumentum-elérés |